[Event "Reunion op 13th"]
[Site "St Denis"]
[Date "2011.10.08"]
[Round "9"]
[White "Romain, Arnaud"]
[Black "Frelicot, Eric"]
[Result "1/2-1/2"]
[WhiteElo "1693"]
[BlackElo "1699"]
[PlyCount "48"]
[EventDate "2011.10.01"]
[EventType "swiss"]
[EventRounds "9"]
[EventCountry "RUF"]
[SourceTitle "EXT 2012"]
[Source "ChessBase"]
[SourceDate "2011.11.24"]
[SourceVersion "1"]
[SourceVersionDate "2011.11.24"]
[SourceQuality "1"]

1. d4 c6 2. Nc3 d5 3. Nf3 Nf6 4. g3 Bg4 5. Bg2 Qc8 6. h3 Bf5 7. g4 Bg6 8. Ne5 Nbd7 9. Nxg6 hxg6 10. Bf4 Nb6 11. Qd3 Qd7 12. g5 Nh5 13. Bh2 Qf5 14. Qxf5 gxf5 15. e3 e6 16. 0-0-0 Kd7 17. a4 Bd6 18. a5 Bxh2 19. Rxh2 Nc4 20. b4 a6 21. Bf1 b5 22. Bxc4 dxc4 23. Ne2 Kc7 24. c3 Rad8 1/2-1/2

[Event "Reunion op 13th"]
[Site "St Denis"]
[Date "2011.10.05"]
[Round "5"]
[White "Dalleau, Philippe"]
[Black "Frelicot, Eric"]
[Result "1-0"]
[WhiteElo "1862"]
[BlackElo "1699"]
[PlyCount "65"]
[EventDate "2011.10.01"]
[EventType "swiss"]
[EventRounds "9"]
[EventCountry "RUF"]
[SourceTitle "EXT 2012"]
[Source "ChessBase"]
[SourceDate "2011.11.24"]
[SourceVersion "1"]
[SourceVersionDate "2011.11.24"]
[SourceQuality "1"]

1. d4 c6 2. c4 Nf6 3. Nf3 g6 4. Nc3 Bg7 5. e4 d6 6. Be2 0-0 7. 0-0 c5 8. d5 Nbd7 9. h3 a6 10. Qc2 Re8 11. Rd1 Qc7 12. Bf4 b6 13. a4 Bb7 14. Ra3 Rad8 15. Raa1 Nf8 16. Rd2 e6 17. dxe6 Nxe6 18. Be3 Nd4 19. Nxd4 cxd4 20. Rxd4 Nd7 21. Rd2 Bxc3 22. Qxc3 Rxe4 23. Bd3 Rxe3 24. fxe3 Re8 25. Bf1 Nc5 26. Rd4 Ne4 27. Qe1 d5 28. Rc1 dxc4 29. Bxc4 Qe7 30. Rcd1 Nc5 31. Qf2 Qxe3 32. Bxf7+ Kg7 33. Bxe8 1-0

[Event "Reunion op 13th"]
[Site "St Denis"]
[Date "2011.10.02"]
[Round "3"]
[White "Pawlak, Roland"]
[Black "Frelicot, Eric"]
[Result "0-1"]
[WhiteElo "1480"]
[BlackElo "1699"]
[PlyCount "80"]
[EventDate "2011.10.01"]
[EventType "swiss"]
[EventRounds "9"]
[EventCountry "RUF"]
[SourceTitle "EXT 2012"]
[Source "ChessBase"]
[SourceDate "2011.11.24"]
[SourceVersion "1"]
[SourceVersionDate "2011.11.24"]
[SourceQuality "1"]

1. e4 c6 2. d4 d5 3. e5 Bf5 4. Nf3 e6 5. Nc3 Nd7 6. Bd3 Bxd3 7. Qxd3 Bb4 8. a3 Ba5 9. 0-0 a6 10. Bg5 Ne7 11. Ne2 h6 12. Bh4 g5 13. Bg3 Nf5 14. c4 h5 15. h3 Nxg3 16. fxg3 g4 17. Ng5 Qxg5 18. h4 Qg6 19. Qb3 0-0-0 20. cxd5 exd5 21. Rac1 Rhe8 22. Qxd5 Bc7 23. Qxf7 Qxf7 24. Rxf7 Bb6 25. Kh1 Nf8 26. Rc4 Ne6 27. Rb4 Bc7 28. Rh7 b5 29. Rxh5 a5 30. Rb3 Nxd4 31. Nxd4 Rxd4 32. Rc3 Rd1+ 33. Kh2 Rf8 34. Rxc6 Rff1 35. Rh8+ Kb7 36. Rxc7+ Kxc7 37. Rh7+ Kd8 38. Rh8+ Ke7 39. Rh7+ Ke6 40. Rh6+ Kxe5 0-1